[Event "Santiago Writers Club"]
[Site "Santiago de Chile"]
[Date "2011.04.29"]
[Round "5.3"]
[White "Salgado Aravena, Jorge"]
[Black "Cuevas Araya, Walter"]
[Result "0-1"]
[WhiteElo "2145"]
[BlackElo "2245"]
[PlyCount "124"]
[EventDate "2011.04.18"]
[EventType "tourn"]
[EventRounds "11"]
[EventCountry "CHI"]
[SourceTitle "EXT 2024"]
[Source "ChessBase"]
[SourceDate "2023.10.10"]
[SourceVersion "1"]
[SourceVersionDate "2023.10.10"]
[SourceQuality "1"]

1. e4 c6 2. d4 d5 3. exd5 cxd5 4. c4 Nf6 5. Nc3 g6 6. Qb3 Bg7 7. cxd5 0-0 8. Nf3 Nbd7 9. Be2 Nb6 10. 0-0 Nfxd5 11. a4 Be6 12. Qa3 Rc8 13. Ne4 Nf6 14. Nc5 Bd5 15. a5 Nbd7 16. Bf4 Nh5 17. Be3 Nxc5 18. dxc5 Qc7 19. Rfd1 Rfd8 20. Rac1 Nf4 21. Bf1 Nh3+ 22. Kh1 Bxf3 23. gxf3 Nf4 24. Qb4 Nd5 25. Qb5 a6 26. Qb3 e6 27. Bc4 Nf6 28. Qb6 Ne8 29. c6 Rxd1+ 30. Rxd1 Qxc6 31. Qxc6 Rxc6 32. Rd8 Kf8 33. Bb3 Ke7 34. Rb8 Nd6 35. Ba4 Rc8 36. Rxc8 Nxc8 37. Bc5+ Kd8 38. b4 Be5 39. b5 Bd6 40. bxa6 bxa6 41. Bd4 e5 42. Bc3 Na7 43. Kg2 Kc7 44. Bb3 f6 45. f4 Nb5 46. fxe5 Nxc3 47. exd6+ Kxd6 48. Bc4 Nb5 49. Bg8 h6 50. Bf7 g5 51. Kf3 Kc5 52. Kg4 Nd6 53. Bg6 Nc4 54. Kf5 Nxa5 55. Kxf6 Nb3 56. Kg7 a5 57. Kxh6 a4 58. Bf7 Kb4 59. Bg6 Kc3 60. Kxg5 a3 61. Bb1 Kb2 62. Ba2 Kxa2 0-1

[Event "Santiago Writers Club"]
[Site "Santiago de Chile"]
[Date "2011.04.20"]
[Round "2.3"]
[White "Vera Salamanca, Claudio"]
[Black "Salgado Aravena, Jorge"]
[Result "0-1"]
[WhiteElo "2007"]
[BlackElo "2145"]
[PlyCount "170"]
[EventDate "2011.04.18"]
[EventType "tourn"]
[EventRounds "11"]
[EventCountry "CHI"]
[SourceTitle "EXT 2024"]
[Source "ChessBase"]
[SourceDate "2023.10.10"]
[SourceVersion "1"]
[SourceVersionDate "2023.10.10"]
[SourceQuality "1"]

1. d4 d5 2. Nf3 Bf5 3. Nbd2 Nd7 4. e3 e6 5. b3 Ngf6 6. Bb2 Bd6 7. Be2 0-0 8. 0-0 Ne4 9. Rc1 Re8 10. c4 c6 11. Ne5 Nxd2 12. Qxd2 Bxe5 13. dxe5 Qb8 14. f4 Nc5 15. Qd4 b6 16. cxd5 cxd5 17. Bb5 Rc8 18. b4 a6 19. bxc5 bxc5 20. Rxc5 Rxc5 21. Qxc5 Qxb5 22. Qxb5 axb5 23. a3 Bd3 24. Rd1 Bc4 25. Kf2 h6 26. Kf3 Ra4 27. g4 b4 28. Ra1 Bd3 29. axb4 Rxb4 30. Bd4 Rc4 31. Ra2 Rc1 32. Rd2 Be4+ 33. Kg3 Rg1+ 34. Kh4 Bf3 35. h3 Be4 36. Rf2 Kh7 37. Bc5 Kg6 38. f5+ exf5 39. gxf5+ Bxf5 40. Rxf5 Rc1 41. e6 fxe6 42. Re5 Rxc5 43. Rxe6+ Kf5 44. Re7 g6 45. Kg3 Rc6 46. Kf3 Re6 47. Rh7 Kg5 48. Ra7 Kh4 49. Rd7 Re5 50. Rg7 g5 51. Rh7 Rf5+ 52. Kg2 Kh5 53. Ra7 Rf6 54. Ra5 Rd6 55. Ra4 Kg6 56. Kf3 Kf5 57. Rb4 Ke5 58. Rb8 Rf6+ 59. Ke2 Ra6 60. Re8+ Kf5 61. Kf3 Ra2 62. Rf8+ Kg6 63. Rg8+ Kh5 64. Rd8 Rd2 65. Rd6 Rd1 66. Ke2 Rh1 67. Rxd5 Rxh3 68. e4 Kg4 69. e5 Kf5 70. Kf2 g4 71. Ra5 h5 72. Rb5 h4 73. Kg2 Rg3+ 74. Kf2 Rf3+ 75. Kg2 h3+ 76. Kh2 Re3 77. Rb8 Re2+ 78. Kg1 Kf4 79. Rf8+ Kg3 80. Rf1 Rxe5 81. Kh1 Re4 82. Kg1 Kh4 83. Kh2 g3+ 84. Kg1 h2+ 85. Kh1 Kh3 0-1